[Event "Asuncion CIT op"]
[Site "Asuncion"]
[Date "2023.08.15"]
[Round "5"]
[White "Florescu, Liviu Gabriel"]
[Black "Allo Collante, Violeta"]
[Result "1/2-1/2"]
[WhiteElo "1585"]
[BlackElo "1283"]
[PlyCount "105"]
[EventDate "2023.08.12"]
[EventType "swiss"]
[EventRounds "9"]
[EventCountry "PAR"]
[SourceTitle "CBM 215 Extra"]
[Source "ChessBase"]
[SourceDate "2023.09.30"]
[SourceVersion "1"]
[SourceVersionDate "2023.09.30"]
[SourceQuality "1"]

1. d4 Nf6 2. Nc3 d5 3. Bf4 a6 4. e3 e6 5. a3 c5 6. g4 Nc6 7. g5 Ne4 8. Nxe4 dxe4 9. Bg2 cxd4 10. exd4 Nxd4 11. c3 Nf3+ 12. Nxf3 Qxd1+ 13. Rxd1 exf3 14. Bxf3 Be7 15. h4 f6 16. Bh5+ g6 17. Bf3 fxg5 18. Bxg5 Rf8 19. Ke2 Rf5 20. Be4 Rb5 21. Rd2 e5 22. c4 Rb6 23. Be3 Rd6 24. Rxd6 Bxd6 25. h5 Bg4+ 26. Bf3 Bxf3+ 27. Kxf3 Rc8 28. hxg6 hxg6 29. Rc1 Bc5 30. Ke4 Bd6 31. c5 Bb8 32. Rh1 Kd7 33. Rh7+ Kc6 34. Rg7 Ba7 35. b4 Re8 36. a4 Re6 37. Bg5 Bb8 38. Rf7 b6 39. cxb6 Kxb6 40. Rf6 Rxf6 41. Bxf6 Kc6 42. Bxe5 Ba7 43. f4 Bf2 44. Bc3 Kd6 45. Bd4 Be1 46. b5 axb5 47. axb5 Bh4 48. b6 Kc6 49. Be3 Bf6 50. Kf3 Be7 51. Ke4 Bf6 52. Bd4 Be7 53. Ke5 1/2-1/2

[Event "Villarrica op 2nd"]
[Site "Villarrica"]
[Date "2022.02.13"]
[Round "6"]
[White "Florescu, Liviu Gabriel"]
[Black "Lugo Martinez, Jimena Sofia"]
[Result "1-0"]
[WhiteElo "1630"]
[BlackElo "1001"]
[PlyCount "87"]
[EventDate "2022.02.11"]
[EventType "swiss"]
[EventRounds "7"]
[EventCountry "PAR"]
[SourceTitle "EXT 2023"]
[Source "ChessBase"]
[SourceDate "2022.10.05"]
[SourceVersion "1"]
[SourceVersionDate "2022.10.05"]
[SourceQuality "1"]

1. e4 e5 2. Nf3 Nc6 3. d4 exd4 4. Nxd4 Bc5 5. Be3 Qf6 6. c3 Nge7 7. Be2 b6 8. 0-0 0-0 9. Nc2 Bb7 10. Qxd7 Bd6 11. Qg4 Bc8 12. Qf3 Qh4 13. g3 Qh3 14. Nd4 Ne5 15. Qg2 c5 16. Nf3 Qxg2+ 17. Kxg2 N5g6 18. Nbd2 f5 19. Nc4 Bc7 20. e5 Ba6 21. Rfe1 Rad8 22. Bg5 b5 23. Na3 c4 24. Nc2 Bb7 25. Ncd4 Rde8 26. Ne6 Bxe5 27. Nxf8 Rxf8 28. Bxe7 Nxe7 29. Bxc4+ bxc4 30. Rxe5 Ng6 31. Re3 f4 32. gxf4 Nxf4+ 33. Kg3 Nh5+ 34. Kg4 g6 35. Nd4 Rf4+ 36. Kh3 Rxf2 37. Re8+ Kf7 38. Rae1 Bg2+ 39. Kg4 Rf4+ 40. Kg5 Be4 41. R1xe4 h6+ 42. Kxh6 Rxe4 43. Rxe4 Nf6 44. Rf4 1-0

[Event "Villarrica op 2nd"]
[Site "Villarrica"]
[Date "2022.02.13"]
[Round "7"]
[White "Vinales Gonzalez, Enzo Mathias"]
[Black "Florescu, Liviu Gabriel"]
[Result "0-1"]
[WhiteElo "1098"]
[BlackElo "1630"]
[PlyCount "54"]
[EventDate "2022.02.11"]
[EventType "swiss"]
[EventRounds "7"]
[EventCountry "PAR"]
[SourceTitle "EXT 2023"]
[Source "ChessBase"]
[SourceDate "2022.10.05"]
[SourceVersion "1"]
[SourceVersionDate "2022.10.05"]
[SourceQuality "1"]

1. e4 c5 2. d3 d6 3. Nf3 Nc6 4. g3 g6 5. Bg2 Bg7 6. 0-0 Nf6 7. c3 e5 8. Nbd2 0-0 9. Nc4 b5 10. Ne3 Bb7 11. Qb3 a6 12. Bd2 Qc7 13. Rad1 Na5 14. Qc2 c4 15. Bc1 cxd3 16. Qxd3 Nxe4 17. Nd5 Qc4 18. Nb6 Qxd3 19. Rxd3 Rad8 20. Re1 Nxf2 21. Kxf2 e4 22. Bf4 exd3 23. b4 Nc4 24. Nxc4 bxc4 25. Rc1 Rfe8 26. Be3 Rxe3 27. Kxe3 Bh6+ 0-1

[Event "Villarrica op 2nd"]
[Site "Villarrica"]
[Date "2022.02.12"]
[Round "2"]
[White "Florescu, Liviu Gabriel"]
[Black "Vera Mercado, Yanina Fiorella"]
[Result "0-1"]
[WhiteElo "1630"]
[BlackElo "1318"]
[PlyCount "94"]
[EventDate "2022.02.11"]
[EventType "swiss"]
[EventRounds "7"]
[EventCountry "PAR"]
[SourceTitle "EXT 2023"]
[Source "ChessBase"]
[SourceDate "2022.10.05"]
[SourceVersion "1"]
[SourceVersionDate "2022.10.05"]
[SourceQuality "1"]

1. d4 Nf6 2. Bf4 g6 3. Nc3 Bg7 4. e4 d5 5. e5 Ne4 6. Bd3 Nxc3 7. bxc3 c5 8. Qd2 Nc6 9. Be2 Qb6 10. Nf3 Bg4 11. Be3 c4 12. 0-0 h5 13. h3 Bf5 14. Nh4 e6 15. Bg5 Bf8 16. g4 Be7 17. gxf5 Bxg5 18. Qxg5 gxf5 19. Qg7 Rf8 20. Bxh5 Ke7 21. Qf6+ Kd7 22. Rfb1 Qc7 23. Bxf7 Nd8 24. Bxe6+ Nxe6 25. Qh6 Rh8 26. Qe3 Rxh4 27. Qf3 Nf4 28. Kf1 Ke6 29. Qg3 Rah8 30. Rb5 Rxh3 31. Qxf4 Rh1+ 32. Ke2 Rxa1 33. Qg5 Qf7 34. Kd2 b6 35. Qg2 Ke7 36. Rxd5 Qg8 37. Qf3 Qg5+ 38. Ke2 Rhh1 39. Rd7+ Kxd7 40. Qd5+ Ke8 41. Qe6+ Kf8 42. Qc8+ Kg7 43. Qd7+ Kh6 44. Qe6+ Kh5 45. Qf7+ Kg4 46. f3+ Kf4 47. e6 Rh2# 0-1

[Event "Villarrica op 2nd"]
[Site "Villarrica"]
[Date "2022.02.12"]
[Round "3"]
[White "Frutos Moreno, Erico Nicolas"]
[Black "Florescu, Liviu Gabriel"]
[Result "0-1"]
[WhiteElo "1165"]
[BlackElo "1630"]
[PlyCount "42"]
[EventDate "2022.02.11"]
[EventType "swiss"]
[EventRounds "7"]
[EventCountry "PAR"]
[SourceTitle "EXT 2023"]
[Source "ChessBase"]
[SourceDate "2022.10.05"]
[SourceVersion "1"]
[SourceVersionDate "2022.10.05"]
[SourceQuality "1"]

1. e4 d6 2. d4 Nf6 3. Nc3 g6 4. Nf3 Nbd7 5. Bc4 Bg7 6. Bf4 0-0 7. 0-0 c6 8. Qd2 b5 9. Bb3 a5 10. a4 b4 11. Ne2 Nxe4 12. Qe3 d5 13. Ng3 Ndf6 14. Ne5 Qb6 15. Rad1 Nxg3 16. fxg3 Ne4 17. Bh6 f6 18. Bxg7 Kxg7 19. Ng4 Bxg4 20. Rf4 Bxd1 21. Rh4 g5 0-1